000
00314nam a22001337a 4500
008
170711b xxu||||| |||| 00| 0 eng d
020
_a
9780816026104
041
_a
eng
080
_a
030
100
_a
26
101
_a
ENC
245
_a
THE ENCYCLOPEDIA OF MEMORY AND MEMORY DISORDERS
_c
NOLL, R
942
_2
udc
_c
BK
999
_c
20210
_d
20210